[Event "ZAM-ch op"]
[Site "Lusaka"]
[Date "2017.03.30"]
[Round "4"]
[White "Kameya, Robson"]
[Black "Munenga, Douglas D"]
[Result "1-0"]
[WhiteElo "2122"]
[BlackElo "2149"]
[PlyCount "117"]
[EventDate "2017.03.29"]
[EventType "swiss"]
[EventRounds "9"]
[EventCountry "ZAM"]
[SourceTitle "EXT 2018"]
[Source "ChessBase"]
[SourceDate "2017.10.13"]
[SourceVersion "1"]
[SourceVersionDate "2017.10.13"]
[SourceQuality "1"]

1. d4 Nf6 2. c4 c5 3. Nf3 g6 4. Nc3 Bg7 5. e4 0-0 6. Be2 cxd4 7. Nxd4 Nc6 8. Be3 d6 9. 0-0 Bd7 10. Rc1 Rc8 11. b3 Qa5 12. f3 Rfd8 13. Qd2 a6 14. Rfd1 Nxd4 15. Bxd4 Be6 16. Be3 Nd7 17. Nd5 Qxd2 18. Bxd2 Bxd5 19. exd5 Bd4+ 20. Kf1 Re8 21. g3 h5 22. Bd3 Kg7 23. Bf4 Be5 24. Bd2 Bd4 25. Kg2 f5 26. Re1 Nc5 27. Bf1 Kf7 28. h4 e5 29. dxe6+ Nxe6 30. b4 Kf6 31. f4 Rc7 32. Bd3 Rce7 33. a4 Rc8 34. Re2 Rce8 35. Rce1 Kf7 36. Kf1 Kf8 37. a5 Kf7 38. Bc2 Nc7 39. Bb3 Kf6 40. Rxe7 Rxe7 41. Rd1 Ke6 42. Be1 Bf6 43. b5 Rd7 44. Bb4 Ke7 45. Re1+ Kd8 46. b6 Ne8 47. Rd1 Ke7 48. Ba4 Rd8 49. c5 dxc5 50. Bxc5+ Nd6 51. Bc6 Bc3 52. Bxb7 Bxa5 53. Bxa6 Ke6 54. Ke2 Rd7 55. Rd3 Rd8 56. Bb5 Nb7 57. Bc4+ Kf6 58. Rxd8 Nxd8 59. Bd5 1-0

[Event "ZAM-ch op"]
[Site "Lusaka"]
[Date "2017.03.29"]
[Round "1"]
[White "Kameya, Robson"]
[Black "Chumfwa, Stanley"]
[Result "1/2-1/2"]
[WhiteElo "2122"]
[BlackElo "2243"]
[PlyCount "126"]
[EventDate "2017.03.29"]
[EventType "swiss"]
[EventRounds "9"]
[EventCountry "ZAM"]
[SourceTitle "EXT 2018"]
[Source "ChessBase"]
[SourceDate "2017.10.13"]
[SourceVersion "1"]
[SourceVersionDate "2017.10.13"]
[SourceQuality "1"]

1. d4 Nf6 2. c4 e6 3. Nc3 Bb4 4. Qc2 d5 5. cxd5 exd5 6. e3 0-0 7. Nge2 c5 8. a3 Bxc3+ 9. bxc3 Nc6 10. Ng3 h5 11. dxc5 h4 12. Nf5 Bxf5 13. Qxf5 Ne4 14. Bd3 g6 15. Qf4 Nxc5 16. Bc2 Qa5 17. Bb2 Qb5 18. 0-0-0 Qc4 19. Qxc4 dxc4 20. Rd5 b6 21. Rhd1 Rfe8 22. Kb1 Kg7 23. a4 h3 24. gxh3 Ne4 25. Bxe4 Rxe4 26. Ba3 Re5 27. Bd6 Rxd5 28. Rxd5 Rd8 29. e4 Kf6 30. Bc7 Rxd5 31. exd5 Ne5 32. Ka2 Nd3 33. Ka3 a6 34. f4 b5 35. axb5 axb5 36. h4 Kf5 37. h3 b4+ 38. cxb4 c3 39. Kb3 c2 40. Kxc2 Nxb4+ 41. Kd2 Nxd5 42. h5 gxh5 43. Ba5 Nxf4 44. Ke3 Nxh3 45. Kf3 h4 46. Bd8 Ng5+ 47. Kg2 Kg4 48. Be7 f5 49. Bd8 f4 50. Bc7 Ne4 51. Bb8 Nd2 52. Bc7 Nf3 53. Bb8 Ne1+ 54. Kh2 Nc2 55. Bc7 Ne3 56. Bb6 Kf3 57. Bc7 Ke4 58. Bd8 Nf5 59. Kg2 Ke3 60. Bg5 Ke4 61. Bd8 f3+ 62. Kf2 h3 63. Bc7 Nd4 1/2-1/2

[Event "ZAM-ch"]
[Site "Lusaka"]
[Date "2017.02.12"]
[Round "7"]
[White "Kameya, Robson"]
[Black "Chumfwa, Kelvin"]
[Result "1/2-1/2"]
[WhiteElo "2109"]
[BlackElo "2233"]
[PlyCount "209"]
[EventDate "2017.02.09"]
[EventType "tourn"]
[EventRounds "9"]
[EventCountry "ZAM"]
[SourceTitle "CBM 176 Extra"]
[Source "ChessBase"]
[SourceDate "2017.03.02"]
[SourceVersion "1"]
[SourceVersionDate "2017.03.02"]
[SourceQuality "1"]

1. d4 Nf6 2. c4 g6 3. Nc3 d5 4. Nf3 Bg7 5. e3 0-0 6. Qb3 c6 7. Be2 b6 8. 0-0 Bb7 9. cxd5 cxd5 10. Ne5 e6 11. a4 Nfd7 12. Nxd7 Nxd7 13. a5 Bc6 14. Bd2 e5 15. Bb5 Bxb5 16. Qxb5 exd4 17. exd4 Bxd4 18. Qxd5 Nf6 19. Qxd8 Raxd8 20. Bg5 Kg7 21. h3 h6 22. Bxf6+ Bxf6 23. axb6 axb6 24. Ra6 Bd4 25. Ne2 Bxb2 26. Rxb6 Rd2 27. Ng3 Re8 28. Rb3 Bd4 29. Nh1 h5 30. g3 g5 31. Kg2 g4 32. Rbb1 Ra2 33. Rbd1 Re4 34. Rfe1 Rxe1 35. Rxe1 f5 36. hxg4 hxg4 37. Rd1 Be5 38. Rb1 Bb2 39. Rd1 Be5 40. Rd8 Re2 41. Kf1 Re4 42. Kg2 Kf7 43. Ra8 Ke6 44. Ra2 Re1 45. Rd2 Bd6 46. Ra2 Bc5 47. Ra8 Kd5 48. Rd8+ Kc4 49. Rd7 Bd4 50. Rd8 Re5 51. Kf1 Ra5 52. Rd7 Kd3 53. Rd8 Ke4 54. Kg2 Ra2 55. Rf8 Ra3 56. Re8+ Be5 57. Rf8 Rf3 58. Re8 Kd4 59. Re7 Kd5 60. Re8 Rb3 61. Rf8 Ke4 62. Re8 Rb8 63. Re7 Kd5 64. Rf7 Ke4 65. Re7 Rb3 66. Re8 Rb5 67. Rf8 Bd4 68. Re8+ Kd3 69. Rf8 Ke2 70. Re8+ Re5 71. Rf8 Ke1 72. Rf7 Bc5 73. Rf6 Bb4 74. Rb6 Bd2 75. Rf6 Bg5 76. Rf8 Bd2 77. Rf7 Bc3 78. Rf8 Bb4 79. Rb8 Bc3 80. Rf8 Bd4 81. Rf7 Bc5 82. Rf6 Ke2 83. Rc6 Ke1 84. Rf6 Be7 85. Rb6 Ke2 86. Rb2+ Kd3 87. Rb3+ Kc4 88. Rb7 Bc5 89. Rd7 Rd5 90. Rf7 Kb5 91. Rf6 Bd6 92. Re6 Be5 93. Re8 Kb6 94. Re6+ Kb7 95. Re8 Kb6 96. Re6+ Kb7 97. Re8 Ra5 98. Rf8 Bd6 99. Rf6 Kc6 100. Rf7 Bc7 101. Rh7 Re5 102. Rf7 Ra5 103. Rf8 Kd7 104. Rf7+ Kd8 105. Rf6 1/2-1/2

[Event "ZAM-ch"]
[Site "Lusaka"]
[Date "2017.02.12"]
[Round "9"]
[White "Kameya, Robson"]
[Black "Daka, Justin"]
[Result "1/2-1/2"]
[WhiteElo "2109"]
[BlackElo "2165"]
[PlyCount "91"]
[EventDate "2017.02.09"]
[EventType "tourn"]
[EventRounds "9"]
[EventCountry "ZAM"]
[SourceTitle "CBM 176 Extra"]
[Source "ChessBase"]
[SourceDate "2017.03.02"]
[SourceVersion "1"]
[SourceVersionDate "2017.03.02"]
[SourceQuality "1"]

1. e4 d6 2. d4 Nf6 3. Bd3 g6 4. Ne2 Bg7 5. c4 Nc6 6. Nbc3 0-0 7. f3 Nd7 8. Be3 e5 9. d5 Nb4 10. Bb1 a5 11. a3 Na6 12. b3 Nac5 13. Bc2 f5 14. exf5 gxf5 15. b4 Na6 16. b5 Nac5 17. 0-0 b6 18. Na4 Nxa4 19. Bxa4 f4 20. Bf2 Qg5 21. Ra2 Rf6 22. h4 Qh5 23. Bc2 Rh6 24. Nc3 Bf6 25. Qe1 Nc5 26. Ne4 Nxe4 27. Bxe4 Bd7 28. Kh2 Bxh4 29. Bxh4 Qg5 30. Rh1 Rxh4+ 31. Kg1 Rxh1+ 32. Kxh1 Rf8 33. Kg1 Kh8 34. Rf2 Rf6 35. Qb1 Rh6 36. Qc2 Qh4 37. Kf1 Qh1+ 38. Ke2 Qa1 39. Rf1 Qxa3 40. Qd2 Qc5 41. Kd1 Qxc4 42. Bd3 Qxd5 43. Ke1 Bxb5 44. Bxb5 Qxb5 45. Qc2 Qb4+ 46. Kd1 1/2-1/2

[Event "ZAM-ch"]
[Site "Lusaka"]
[Date "2017.02.11"]
[Round "6"]
[White "Kayonde, Andrew"]
[Black "Kameya, Robson"]
[Result "1/2-1/2"]
[WhiteElo "2416"]
[BlackElo "2109"]
[PlyCount "66"]
[EventDate "2017.02.09"]
[EventType "tourn"]
[EventRounds "9"]
[EventCountry "ZAM"]
[SourceTitle "CBM 176 Extra"]
[Source "ChessBase"]
[SourceDate "2017.03.02"]
[SourceVersion "1"]
[SourceVersionDate "2017.03.02"]
[SourceQuality "1"]

1. d4 Nf6 2. c4 e6 3. Nc3 d5 4. cxd5 exd5 5. Bg5 Be7 6. e3 c6 7. Qc2 0-0 8. Bd3 Re8 9. Nf3 Nbd7 10. 0-0 Nf8 11. h3 Ne4 12. Bf4 f5 13. Ne5 Ng6 14. Nxg6 hxg6 15. Be5 Bf6 16. f4 Be6 17. Bxe4 dxe4 18. Na4 Qe7 19. b3 Rec8 20. Rad1 Rd8 21. Rb1 Bd5 22. Rfc1 Qf7 23. Qf2 Be7 24. Qe1 Bf8 25. Rc2 Rac8 26. Qa5 Ra8 27. Nc3 Be6 28. Rd1 Qe7 29. d5 b6 30. Qa6 cxd5 31. Ne2 Bc8 32. Qa4 Bd7 33. Qa6 Bc8 1/2-1/2

[Event "ZAM-ch"]
[Site "Lusaka"]
[Date "2017.02.09"]
[Round "1"]
[White "Simulundu, Judah"]
[Black "Kameya, Robson"]
[Result "1/2-1/2"]
[WhiteElo "2127"]
[BlackElo "2109"]
[PlyCount "47"]
[EventDate "2017.02.09"]
[EventType "tourn"]
[EventRounds "9"]
[EventCountry "ZAM"]
[SourceTitle "CBM 176 Extra"]
[Source "ChessBase"]
[SourceDate "2017.03.02"]
[SourceVersion "1"]
[SourceVersionDate "2017.03.02"]
[SourceQuality "1"]

1. e4 e5 2. Nf3 Nf6 3. Nxe5 d6 4. Nf3 Nxe4 5. Nc3 Nxc3 6. dxc3 Be7 7. Bf4 Nd7 8. Qd2 Nc5 9. 0-0-0 Be6 10. Kb1 Qd7 11. Nd4 0-0 12. Nxe6 fxe6 13. Be3 Qc6 14. f3 a5 15. h4 Bf6 16. Bd4 Rae8 17. Be2 b5 18. g4 d5 19. g5 Bxd4 20. cxd4 Nb7 21. f4 b4 22. Bd3 Nd6 23. Rhf1 Nf5 24. Rde1 1/2-1/2